• 首页
  • 本馆介绍
  • 公告通知
  • 最新文献
  • 馆藏检索
  • 电子资源
  • 读者导购
  • 参考咨询
  • 我的图书馆
  • 登录
  • 详细信息显示
  • 放入我的书架
  • 预约/预借图书
  • 作者相关作品
  • 分类相关作品
  • 丛书相关作品
  • 出版社相关作品

书目信息

  • 表格格式
  • 工作单格式
  • 卡片格式
题名:
与他人坦诚相见
    
 
作者: (美)贾尔迪纳 著
分册:  
出版信息: 北京   中国盲文出版社  2012
页数:
开本: 38cm
丛书名: 与生活坦诚相见
单 册:
中图分类: C912.1-49 , C912.1
科图分类:
主题词: 人间交往--通俗读物--盲文
电子资源:
ISBN: 7-5002-2207-6
000 00822oam2 2200253 450
001 1563581065
005 20150201174038.23
010    @a7-5002-2207-6@dCNY31.00
100    @a20120114d2012 em y0chiy0110 ea
101 0  @a盲文
102    @aCN@b110000
105    @ay z 000yy
200 1  @a与他人坦诚相见@9yu ta ren tan cheng xiang jian@f(美)贾尔迪纳著
210    @a北京@c中国盲文出版社@d2012
215    @d38cm
225  2 @a与生活坦诚相见
330    @a本书建立在两个非常简单的原理上,首先让我们百分之百对自己身上的职责负责,第二在任何时候任何情况下有权选择改变对世界的体验。
461  0 @12001 @a与生活坦诚相见
606 0  @a人间交往@x通俗读物@x盲文
690    @aC912.1-49@v5
690    @aC912.1@v4
701  0 @a(美)贾尔迪纳@9( mei ) jia er di na@4著
801  0 @aCN@bTSSF@c20150201
905    @aZUCC@dC912.1@eJY16
    
    与他人坦诚相见/(美)贾尔迪纳著.-北京:中国盲文出版社,2012
    38cm.-(与生活坦诚相见)
    
    
    ISBN 7-5002-2207-6:CNY31.00
    本书建立在两个非常简单的原理上,首先让我们百分之百对自己身上的职责负责,第二在任何时候任何情况下有权选择改变对世界的体验。
●
相关链接 在E读中查询图书 在五车中查询图书 在当当中查询图书 在豆瓣中查询图书


正题名:与他人坦诚相见     索取号:C912.1/JY16         预约/预借

序号 登录号 条形码 馆藏地/架位号 状态 备注
1 7864926   278649269   学院路分馆/ [索取号:C912.1/JY16] 在馆    
唐山师范学院图书馆 欢迎您!
大连网信软件有限公司© 版权所有